Nuevo catecismo apologético o sea conferencias teológicos- dogmáticos-místicos-morales sobre el catecismo

Na minha lista:
Detalhes bibliográficos
Autor principal: León y Sanz, Ángel (Author)
Formato: Livro
Idioma:espanhol
Publicado em: Santiago Imprenta de San José 1918
Edição:1a. ed
Assuntos:
Tags: Adicionar Tag
Sem tags, seja o primeiro a adicionar uma tag!

MARC

LEADER 00000cam a2200000 a 4500
001 UCD0835
003 CL-VaPUC
008 151218e19180000cl |||||||||||||||||spa|d
082 0 4 |a 281  |b LEO  |2 21 
100 |a León y Sanz, Ángel  |e author  |9 583859 
245 1 0 |a Nuevo catecismo apologético o sea conferencias teológicos- dogmáticos-místicos-morales sobre el catecismo 
246 1 0 |a Dios y sus imperfecciones metafísicas y físicas 
250 |a 1a. ed 
300 |a t 
942 |c BK 
945 |d 20151218 14:15:00  |a gsalatino 
260 |a Santiago  |b Imprenta de San José  |c 1918 
650 0 |a Apologética  |9 269349 
650 0 |a Teología   |9 258766 
650 7 |a CATECISMO CATOLICO  |2 CL-VaPUC  |9 516123 
650 0 |a Teología dogmática   |9 313198 
583 |a last modification  |c 20151218 14:15:00  |k Rodrigo Vera 
999 |c 362272  |d 362270 
952 |0 0  |1 0  |3 erb  |4 0  |6 281_000000000000000_LEO_1918  |7 0  |8 P  |9 473324  |a BIBTEO  |b BIBTES  |c TEO_FTES  |h t.1  |i 5273722  |o 281 LEO 1918  |p 5273722  |r 2024-01-18  |w 2019-11-24  |y BK  |z Catalogado en:20151218  |k ICR